[Event "DEM U12 2025"]
[Site "Willingen GER"]
[Date "2025.06.12"]
[Round "7"]
[White "Shalovylo, Matvii"]
[Black "Chakhalov, Mikael"]
[Result "0-1"]
[Termination "normal"]
[Board "10"]
[WhiteElo "1788"]
[BlackElo "1902"]
[WhiteClock "00:08:27"]
[BlackClock "00:32:06"]
[PlyCount "80"]
[WhiteFideId "41846516"]
[BlackFideId "34644458"]
[EventCountry "GER"]
[EventRounds "9"]
[EventType "swiss"]
[EventDate "2025.06.07"]

1. d4 {[%clk 01:30:59]} d5 {[%clk 01:30:52]} {[%emt 00:00:08]} 2. c4 {[%clk
01:31:24]} {[%emt 00:00:05]} e6 {[%clk 01:31:16]} {[%emt 00:00:06]} 3. Nf3
{[%clk 01:31:51]} {[%emt 00:00:04]} Nf6 {[%clk 01:31:41]} {[%emt 00:00:05]} 4.
g3 {[%clk 01:32:03]} {[%emt 00:00:17]} dxc4 {[%clk 01:32:05]} {[%emt 00:00:06]}
5. Qc2 {[%clk 01:32:09]} {[%emt 00:00:25]} Nbd7 {[%clk 01:31:47]} {[%emt
00:00:48]} 6. Qxc4 {[%clk 01:32:05]} {[%emt 00:00:33]} a6 {[%clk 01:32:07]}
{[%emt 00:00:10]} 7. Bg2 {[%clk 01:31:15]} {[%emt 00:01:20]} b5 {[%clk
01:32:28]} {[%emt 00:00:10]} 8. Qc2 {[%clk 01:30:18]} {[%emt 00:01:27]} Bb7
{[%clk 01:32:51]} {[%emt 00:00:07]} 9. O-O {[%clk 01:30:26]} {[%emt 00:00:22]}
c5 {[%clk 01:33:10]} {[%emt 00:00:11]} 10. dxc5 {[%clk 01:28:36]} {[%emt
00:02:20]} Bxc5 {[%clk 01:33:30]} {[%emt 00:00:09]} 11. e3 {[%clk 01:25:42]}
{[%emt 00:03:24]} O-O {[%clk 01:32:10]} {[%emt 00:01:50]} 12. Nbd2 {[%clk
01:24:39]} {[%emt 00:01:33]} Rc8 {[%clk 01:32:00]} {[%emt 00:00:40]} 13. Qd1
{[%clk 01:23:43]} {[%emt 00:01:26]} Qe7 {[%clk 01:31:52]} {[%emt 00:00:39]} 14.
Qe2 {[%clk 01:22:00]} {[%emt 00:02:12]} Rfd8 {[%clk 01:30:06]} {[%emt
00:02:16]} 15. Rd1 {[%clk 01:20:42]} {[%emt 00:01:48]} Bb6 {[%clk 01:24:23]}
{[%emt 00:06:13]} 16. Nb3 {[%clk 01:12:06]} {[%emt 00:09:06]} e5 {[%clk
01:23:19]} {[%emt 00:01:35]} 17. Bd2 {[%clk 01:06:42]} {[%emt 00:05:54]} e4
{[%clk 01:17:53]} {[%emt 00:05:56]} 18. Nfd4 {[%clk 01:02:42]} {[%emt
00:04:30]} Bd5 {[%clk 01:15:41]} {[%emt 00:02:42]} 19. Nf5 {[%clk 00:54:22]}
{[%emt 00:08:49]} Qe5 {[%clk 01:10:04]} {[%emt 00:06:07]} 20. Bh3 {[%clk
00:48:22]} {[%emt 00:06:31]} g6 {[%clk 01:02:41]} {[%emt 00:07:53]} 21. Bc3
{[%clk 00:39:52]} {[%emt 00:09:00]} Rxc3 {[%clk 01:00:23]} {[%emt 00:02:47]}
22. bxc3 {[%clk 00:38:47]} {[%emt 00:01:35]} gxf5 {[%clk 01:00:46]} {[%emt
00:00:08]} 23. Nd4 {[%clk 00:38:50]} {[%emt 00:00:27]} Bc4 {[%clk 00:51:43]}
{[%emt 00:09:32]} 24. Qb2 {[%clk 00:32:49]} {[%emt 00:06:36]} Qc7 {[%clk
00:51:15]} {[%emt 00:00:58]} 25. Bf1 {[%clk 00:26:55]} {[%emt 00:06:24]} Bxd4
{[%clk 00:47:25]} {[%emt 00:04:21]} 26. cxd4 {[%clk 00:26:00]} {[%emt
00:01:24]} Nb6 {[%clk 00:47:24]} {[%emt 00:00:32]} 27. Rac1 {[%clk 00:25:26]}
{[%emt 00:01:04]} Qd6 {[%clk 00:46:27]} {[%emt 00:01:26]} 28. Bxc4 {[%clk
00:21:31]} {[%emt 00:04:25]} Nxc4 {[%clk 00:43:29]} {[%emt 00:03:28]} 29. Qb3
{[%clk 00:20:43]} {[%emt 00:01:18]} Nd5 {[%clk 00:42:29]} {[%emt 00:01:30]} 30.
a4 {[%clk 00:20:01]} {[%emt 00:01:12]} Rb8 {[%clk 00:41:47]} {[%emt 00:01:12]}
31. Rc2 {[%clk 00:14:29]} {[%emt 00:06:02]} Nb4 {[%clk 00:38:36]} {[%emt
00:03:41]} 32. Rc3 {[%clk 00:12:48]} {[%emt 00:02:10]} Nd3 {[%clk 00:37:28]}
{[%emt 00:01:38]} 33. Rc2 {[%clk 00:09:46]} {[%emt 00:03:31]} Na5 {[%clk
00:33:23]} {[%emt 00:04:37]} 34. Qb1 {[%clk 00:07:48]} {[%emt 00:02:28]} b4
{[%clk 00:32:11]} {[%emt 00:01:42]} 35. Re2 {[%clk 00:07:30]} {[%emt 00:00:47]}
b3 {[%clk 00:31:56]} {[%emt 00:00:45]} 36. Rdd2 {[%clk 00:07:35]} {[%emt
00:00:26]} Nc4 {[%clk 00:31:38]} {[%emt 00:00:48]} 37. Rd1 {[%clk 00:07:41]}
{[%emt 00:00:24]} Na3 {[%clk 00:31:29]} {[%emt 00:00:38]} 38. Qa1 {[%clk
00:08:03]} {[%emt 00:00:08]} b2 {[%clk 00:31:48]} {[%emt 00:00:12]} 39. Rxb2
{[%clk 00:08:20]} {[%emt 00:00:13]} Rxb2 {[%clk 00:31:43]} {[%emt 00:00:35]}
40. Rxd3 {[%clk 00:08:27]} {[%emt 00:00:22]} Rb1+ {[%clk 00:32:06]} {[%emt
00:00:07]} 0-1

[Event "DEM U12 2025"]
[Site "Willingen GER"]
[Date "2025.06.12"]
[Round "7"]
[White "Retzlaff, Nick"]
[Black "Geschke, Jonathan"]
[Result "1-0"]
[Termination "normal"]
[Board "11"]
[WhiteElo "1790"]
[BlackElo "1667"]
[WhiteClock "00:18:25"]
[BlackClock "00:33:30"]
[PlyCount "51"]
[WhiteFideId "34610367"]
[BlackFideId "34636129"]
[EventCountry "GER"]
[EventRounds "9"]
[EventType "swiss"]
[EventDate "2025.06.07"]

1. e4 {[%clk 01:30:58]} {[%emt 00:00:02]} e5 {[%clk 01:30:56]} {[%emt
00:00:05]} 2. Nf3 {[%clk 01:31:24]} {[%emt 00:00:04]} Nc6 {[%clk 01:31:21]}
{[%emt 00:00:05]} 3. Bc4 {[%clk 01:31:48]} {[%emt 00:00:05]} Bc5 {[%clk
01:31:33]} {[%emt 00:00:18]} 4. d3 {[%clk 01:32:14]} {[%emt 00:00:04]} Nf6
{[%clk 01:31:16]} {[%emt 00:00:47]} 5. Bg5 {[%clk 01:32:40]} {[%emt 00:00:04]}
h6 {[%clk 01:31:15]} {[%emt 00:00:32]} 6. Bh4 {[%clk 01:33:00]} {[%emt
00:00:09]} g5 {[%clk 01:31:08]} {[%emt 00:00:37]} 7. Bg3 {[%clk 01:33:19]}
{[%emt 00:00:11]} d6 {[%clk 01:30:54]} {[%emt 00:00:44]} 8. c3 {[%clk
01:33:40]} {[%emt 00:00:09]} a6 {[%clk 01:30:56]} {[%emt 00:00:28]} 9. Nbd2
{[%clk 01:34:04]} {[%emt 00:00:06]} Ba7 {[%clk 01:30:28]} {[%emt 00:00:59]} 10.
a4 {[%clk 01:25:44]} {[%emt 00:08:49]} Qe7 {[%clk 01:28:07]} {[%emt 00:02:50]}
11. O-O {[%clk 01:25:03]} {[%emt 00:01:12]} Be6 {[%clk 01:25:33]} {[%emt
00:03:04]} 12. Re1 {[%clk 01:15:45]} {[%emt 00:09:47]} Nh7 {[%clk 01:22:35]}
{[%emt 00:03:28]} 13. b4 {[%clk 01:06:36]} {[%emt 00:09:40]} Bxc4 {[%clk
01:16:36]} {[%emt 00:06:30]} 14. Nxc4 {[%clk 01:06:23]} {[%emt 00:00:43]} Nf8
{[%clk 01:15:11]} {[%emt 00:01:54]} 15. b5 {[%clk 01:04:46]} {[%emt 00:02:08]}
Nd8 {[%clk 01:04:41]} {[%emt 00:10:59]} 16. d4 {[%clk 01:02:32]} {[%emt
00:02:44]} f6 {[%clk 00:57:22]} {[%emt 00:07:49]} 17. Ne3 {[%clk 00:58:48]}
{[%emt 00:04:13]} Nde6 {[%clk 00:55:27]} {[%emt 00:02:25]} 18. Rb1 {[%clk
00:45:12]} {[%emt 00:14:06]} a5 {[%clk 00:53:28]} {[%emt 00:02:29]} 19. Nf5
{[%clk 00:38:24]} {[%emt 00:07:18]} Qd7 {[%clk 00:50:04]} {[%emt 00:03:53]} 20.
dxe5 {[%clk 00:29:54]} {[%emt 00:09:00]} fxe5 {[%clk 00:48:57]} {[%emt
00:01:37]} 21. Qd5 {[%clk 00:25:40]} {[%emt 00:04:43]} O-O-O {[%clk 00:45:55]}
{[%emt 00:03:33]} 22. Nd2 {[%clk 00:21:23]} {[%emt 00:04:48]} Nf4 {[%clk
00:44:46]} {[%emt 00:01:39]} 23. Bxf4 {[%clk 00:20:49]} {[%emt 00:01:03]} gxf4
{[%clk 00:43:57]} {[%emt 00:01:19]} 24. Nc4 {[%clk 00:20:17]} {[%emt 00:01:03]}
Bb6 {[%clk 00:34:41]} {[%emt 00:09:45]} 25. Nfxd6+ {[%clk 00:18:34]} {[%emt
00:02:14]} Kb8 {[%clk 00:33:30]} {[%emt 00:01:41]} 26. Qxb7# {[%clk 00:18:25]}
{[%emt 00:00:09]} 1-0

[Event "DEM U12 2025"]
[Site "Willingen GER"]
[Date "2025.06.12"]
[Round "7"]
[White "Rogner, Alexander Luis"]
[Black "Wingerath, Felix"]
[Result "1/2-1/2"]
[Termination "normal"]
[Board "12"]
[WhiteElo "1811"]
[BlackElo "1767"]
[WhiteClock "00:21:35"]
[BlackClock "00:40:15"]
[PlyCount "43"]
[WhiteFideId "34606556"]
[BlackFideId "34614834"]
[EventCountry "GER"]
[EventRounds "9"]
[EventType "swiss"]
[EventDate "2025.06.07"]

1. e4 {[%clk 01:30:57]} {[%emt 00:00:02]} c5 {[%clk 01:30:55]} {[%emt
00:00:05]} 2. c3 {[%clk 01:31:24]} {[%emt 00:00:03]} d5 {[%clk 01:31:21]}
{[%emt 00:00:04]} 3. exd5 {[%clk 01:31:49]} {[%emt 00:00:05]} Qxd5 {[%clk
01:31:46]} {[%emt 00:00:05]} 4. d4 {[%clk 01:32:13]} {[%emt 00:00:05]} g6
{[%clk 01:32:12]} {[%emt 00:00:04]} 5. Nf3 {[%clk 01:31:29]} {[%emt 00:01:14]}
Bg4 {[%clk 01:31:05]} {[%emt 00:01:38]} 6. Be2 {[%clk 01:30:46]} {[%emt
00:01:13]} cxd4 {[%clk 01:30:23]} {[%emt 00:01:12]} 7. cxd4 {[%clk 01:31:10]}
{[%emt 00:00:05]} Bg7 {[%clk 01:30:18]} {[%emt 00:00:37]} 8. Nc3 {[%clk
01:30:30]} {[%emt 00:01:09]} Qd8 {[%clk 01:29:42]} {[%emt 00:01:06]} 9. O-O
{[%clk 01:24:12]} {[%emt 00:06:49]} Nf6 {[%clk 01:29:54]} {[%emt 00:00:17]} 10.
h3 {[%clk 01:23:27]} {[%emt 00:01:14]} Bf5 {[%clk 01:28:08]} {[%emt 00:02:16]}
11. Bc4 {[%clk 01:17:45]} {[%emt 00:06:13]} O-O {[%clk 01:27:05]} {[%emt
00:01:33]} 12. Ne5 {[%clk 01:05:47]} {[%emt 00:12:27]} Nfd7 {[%clk 01:23:15]}
{[%emt 00:04:21]} 13. Nxd7 {[%clk 00:55:50]} {[%emt 00:10:27]} Nxd7 {[%clk
01:15:52]} {[%emt 00:07:54]} 14. Be3 {[%clk 00:53:58]} {[%emt 00:02:21]} Nb6
{[%clk 01:15:14]} {[%emt 00:01:07]} 15. Bb3 {[%clk 00:54:19]} {[%emt 00:00:10]}
Rc8 {[%clk 01:14:37]} {[%emt 00:01:07]} 16. Qe2 {[%clk 00:51:10]} {[%emt
00:03:39]} a6 {[%clk 01:09:09]} {[%emt 00:05:58]} 17. Rac1 {[%clk 00:49:26]}
{[%emt 00:02:14]} Qd6 {[%clk 01:06:34]} {[%emt 00:03:05]} 18. Qf3 {[%clk
00:46:53]} {[%emt 00:03:02]} Nc4 {[%clk 00:56:34]} {[%emt 00:10:31]} 19. Ne4
{[%clk 00:28:13]} {[%emt 00:19:10]} Qb4 {[%clk 00:40:02]} {[%emt 00:17:02]} 20.
Bxc4 {[%clk 00:22:42]} {[%emt 00:06:01]} Rxc4 {[%clk 00:40:12]} {[%emt
00:00:20]} 21. Rxc4 {[%clk 00:21:50]} {[%emt 00:01:22]} Qxc4 {[%clk 00:40:15]}
{[%emt 00:00:27]} 22. Ng3 {[%clk 00:21:35]} {[%emt 00:00:44]} 1/2-1/2

[Event "DEM U12 2025"]
[Site "Willingen GER"]
[Date "2025.06.12"]
[Round "7"]
[White "Zargaran, Sepas"]
[Black "Dotschuweit, Erik"]
[Result "1-0"]
[Termination "normal"]
[Board "13"]
[WhiteElo "1944"]
[BlackElo "1676"]
[WhiteClock "00:36:53"]
[BlackClock "00:15:21"]
[PlyCount "69"]
[WhiteFideId "34625275"]
[BlackFideId "34610146"]
[EventCountry "GER"]
[EventRounds "9"]
[EventType "swiss"]
[EventDate "2025.06.07"]

1. e4 {[%clk 01:30:59]} c5 {[%clk 01:30:35]} {[%emt 00:00:26]} 2. d4 {[%clk
01:31:22]} {[%emt 00:00:07]} cxd4 {[%clk 01:30:43]} {[%emt 00:00:22]} 3. Qxd4
{[%clk 01:31:47]} {[%emt 00:00:05]} Nf6 {[%clk 01:25:55]} {[%emt 00:05:17]} 4.
Nc3 {[%clk 01:32:02]} {[%emt 00:00:16]} Nc6 {[%clk 01:25:53]} {[%emt 00:00:33]}
5. Qd3 {[%clk 01:32:26]} {[%emt 00:00:06]} g6 {[%clk 01:19:51]} {[%emt
00:06:31]} 6. Nf3 {[%clk 01:32:50]} {[%emt 00:00:07]} Bg7 {[%clk 01:17:13]}
{[%emt 00:03:07]} 7. Be2 {[%clk 01:31:55]} {[%emt 00:01:25]} d6 {[%clk
01:17:01]} {[%emt 00:00:42]} 8. O-O {[%clk 01:32:20]} {[%emt 00:00:05]} Bg4
{[%clk 01:16:07]} {[%emt 00:01:24]} 9. Nd5 {[%clk 01:32:46]} {[%emt 00:00:04]}
Nxd5 {[%clk 01:15:28]} {[%emt 00:01:09]} 10. exd5 {[%clk 01:33:07]} {[%emt
00:00:10]} Bxf3 {[%emt 00:01:19]} 11. Bxf3 {[%clk 01:32:53]} {[%emt 00:00:10]}
Ne5 {[%clk 01:15:01]} {[%emt 00:00:40]} 12. Qb5+ {[%clk 01:31:14]} {[%emt
00:02:10]} Qd7 {[%clk 01:14:34]} {[%emt 00:00:56]} 13. Qxd7+ {[%clk 01:31:41]}
{[%emt 00:00:03]} Kxd7 {[%clk 01:14:53]} {[%emt 00:00:12]} 14. Be2 {[%clk
01:32:07]} {[%emt 00:00:04]} Rac8 {[%clk 01:13:46]} {[%emt 00:01:37]} 15. c3
{[%clk 01:32:21]} {[%emt 00:00:16]} f5 {[%clk 01:04:08]} {[%emt 00:10:09]} 16.
Re1 {[%clk 01:19:29]} {[%emt 00:13:22]} Rc5 {[%clk 00:43:24]} {[%emt 00:21:14]}
17. h3 {[%clk 01:05:04]} {[%emt 00:14:54]} Rxd5 {[%clk 00:37:36]} {[%emt
00:06:19]} 18. Be3 {[%clk 00:55:33]} {[%emt 00:10:01]} Ra5 {[%clk 00:30:00]}
{[%emt 00:08:07]} 19. a4 {[%clk 00:54:49]} {[%emt 00:01:14]} Nc6 {[%clk
00:23:59]} {[%emt 00:06:31]} 20. Ra3 {[%clk 00:39:44]} {[%emt 00:15:34]} Re5
{[%clk 00:18:40]} {[%emt 00:05:50]} 21. b4 {[%clk 00:37:50]} {[%emt 00:02:23]}
a5 {[%clk 00:16:07]} {[%emt 00:03:03]} 22. b5 {[%clk 00:35:47]} {[%emt
00:02:33]} Nd8 {[%clk 00:15:26]} {[%emt 00:01:10]} 23. Bd4 {[%clk 00:35:56]}
{[%emt 00:00:21]} Rxe2 {[%clk 00:14:04]} {[%emt 00:01:53]} 24. Rxe2 {[%clk
00:35:15]} {[%emt 00:01:11]} Bxd4 {[%clk 00:14:31]} {[%emt 00:00:03]} 25. cxd4
{[%clk 00:35:30]} {[%emt 00:00:15]} Ne6 {[%clk 00:14:56]} {[%emt 00:00:04]} 26.
Rae3 {[%clk 00:34:52]} {[%emt 00:01:09]} Nxd4 {[%clk 00:15:08]} {[%emt
00:00:17]} 27. Rxe7+ {[%clk 00:34:46]} {[%emt 00:00:37]} Kd8 {[%clk 00:15:30]}
{[%emt 00:00:07]} 28. R2e3 {[%clk 00:34:48]} {[%emt 00:00:29]} Nc2 {[%clk
00:15:28]} {[%emt 00:00:32]} 29. Rxb7 {[%clk 00:35:09]} {[%emt 00:00:09]} Nxe3
{[%clk 00:15:13]} {[%emt 00:00:45]} 30. Rb8+ {[%clk 00:35:34]} {[%emt
00:00:05]} Kc7 {[%clk 00:15:22]} {[%emt 00:00:20]} 31. Rxh8 {[%clk 00:35:57]}
{[%emt 00:00:07]} Nc4 {[%clk 00:15:43]} {[%emt 00:00:10]} 32. Rxh7+ {[%clk
00:36:07]} {[%emt 00:00:19]} Kb6 {[%clk 00:15:25]} {[%emt 00:00:48]} 33. Rd7
{[%clk 00:36:20]} {[%emt 00:00:18]} Kc5 {[%clk 00:15:08]} {[%emt 00:00:47]} 34.
Rc7+ {[%clk 00:36:42]} {[%emt 00:00:08]} Kd5 {[%clk 00:15:21]} {[%emt
00:00:18]} 35. Rxc4 {[%clk 00:36:53]} {[%emt 00:00:19]} 1-0

[Event "DEM U12 2025"]
[Site "Willingen GER"]
[Date "2025.06.12"]
[Round "7"]
[White "Aguike, Toshiya"]
[Black "Fattori Dittmar, Luca"]
[Result "1/2-1/2"]
[Termination "normal"]
[Board "14"]
[WhiteElo "1953"]
[BlackElo "1671"]
[WhiteClock "00:07:02"]
[BlackClock "00:35:46"]
[PlyCount "89"]
[WhiteFideId "34611347"]
[BlackFideId "34678883"]
[EventCountry "GER"]
[EventRounds "9"]
[EventType "swiss"]
[EventDate "2025.06.07"]

1. d4 {[%clk 01:30:36]} {[%emt 00:00:23]} Nf6 {[%clk 01:30:51]} {[%emt
00:00:11]} 2. c4 {[%clk 01:31:01]} {[%emt 00:00:04]} e5 {[%clk 01:30:00]}
{[%emt 00:01:21]} 3. e3 {[%clk 01:26:36]} {[%emt 00:04:55]} exd4 {[%clk
01:29:18]} {[%emt 00:01:12]} 4. exd4 {[%clk 01:25:43]} {[%emt 00:01:23]} Bb4+
{[%clk 01:29:37]} {[%emt 00:00:12]} 5. Nc3 {[%clk 01:24:00]} {[%emt 00:02:12]}
O-O {[%clk 01:29:24]} {[%emt 00:00:43]} 6. Bd3 {[%clk 01:20:08]} {[%emt
00:04:21]} Re8+ {[%clk 01:29:02]} {[%emt 00:00:54]} 7. Nge2 {[%clk 01:18:15]}
{[%emt 00:02:22]} d5 {[%clk 01:28:36]} {[%emt 00:00:57]} 8. cxd5 {[%clk
01:17:10]} {[%emt 00:01:35]} Nxd5 {[%clk 01:28:15]} {[%emt 00:00:51]} 9. O-O
{[%clk 01:17:20]} {[%emt 00:00:18]} Be6 {[%clk 01:27:20]} {[%emt 00:01:26]} 10.
a3 {[%clk 01:15:46]} {[%emt 00:02:04]} Nxc3 {[%clk 01:24:20]} {[%emt 00:03:31]}
11. bxc3 {[%clk 01:15:29]} {[%emt 00:00:47]} Bd6 {[%clk 01:24:34]} {[%emt
00:00:15]} 12. Qc2 {[%clk 01:14:17]} {[%emt 00:01:42]} h6 {[%clk 01:24:46]}
{[%emt 00:00:18]} 13. f4 {[%clk 01:11:58]} {[%emt 00:02:50]} Qf6 {[%clk
01:21:05]} {[%emt 00:04:11]} 14. Ng3 {[%clk 01:08:59]} {[%emt 00:03:27]} Nd7
{[%clk 01:19:15]} {[%emt 00:02:22]} 15. Ne4 {[%clk 01:06:27]} {[%emt 00:03:01]}
Qe7 {[%clk 01:18:48]} {[%emt 00:00:58]} 16. Bd2 {[%clk 01:03:49]} {[%emt
00:03:07]} Nf6 {[%clk 01:17:41]} {[%emt 00:01:39]} 17. Ng3 {[%clk 01:04:07]}
{[%emt 00:00:10]} c5 {[%clk 01:16:31]} {[%emt 00:01:42]} 18. Rae1 {[%clk
01:03:04]} {[%emt 00:01:32]} Qc7 {[%clk 01:15:20]} {[%emt 00:01:42]} 19. dxc5
{[%clk 00:54:01]} {[%emt 00:09:33]} Bxc5+ {[%clk 01:15:34]} {[%emt 00:00:15]}
20. Kh1 {[%clk 00:54:16]} {[%emt 00:00:14]} Rad8 {[%clk 01:14:26]} {[%emt
00:01:40]} 21. Bc1 {[%clk 00:52:25]} {[%emt 00:02:19]} Qb6 {[%clk 01:07:16]}
{[%emt 00:07:41]} 22. c4 {[%clk 00:42:28]} {[%emt 00:10:26]} Bd7 {[%clk
00:52:30]} {[%emt 00:15:17]} 23. Ne4 {[%clk 00:33:03]} {[%emt 00:09:55]} Nxe4
{[%clk 00:52:47]} {[%emt 00:00:14]} 24. Bxe4 {[%clk 00:32:39]} {[%emt
00:00:53]} Bc6 {[%clk 00:52:35]} {[%emt 00:00:43]} 25. f5 {[%clk 00:28:31]}
{[%emt 00:04:37]} Bxe4 {[%clk 00:51:03]} {[%emt 00:02:02]} 26. Rxe4 {[%clk
00:28:32]} {[%emt 00:00:29]} Bd4 {[%clk 00:47:53]} {[%emt 00:03:40]} 27. Rg4
{[%clk 00:25:24]} {[%emt 00:03:36]} Kh8 {[%clk 00:47:11]} {[%emt 00:01:13]} 28.
h3 {[%clk 00:22:34]} {[%emt 00:03:21]} Bf6 {[%clk 00:44:44]} {[%emt 00:02:58]}
29. Rg3 {[%clk 00:13:09]} {[%emt 00:09:52]} Qa5 {[%clk 00:42:27]} {[%emt
00:02:50]} 30. Rgf3 {[%clk 00:06:42]} {[%emt 00:06:56]} Re1 {[%clk 00:41:36]}
{[%emt 00:01:21]} 31. Qb3 {[%clk 00:05:00]} {[%emt 00:02:09]} Rxf1+ {[%clk
00:41:33]} {[%emt 00:00:36]} 32. Rxf1 {[%clk 00:05:21]} {[%emt 00:00:08]} b6
{[%clk 00:40:04]} {[%emt 00:02:01]} 33. Bb2 {[%clk 00:04:55]} {[%emt 00:00:55]}
Bxb2 {[%clk 00:40:11]} {[%emt 00:00:23]} 34. Qxb2 {[%clk 00:05:19]} {[%emt
00:00:06]} Qd2 {[%clk 00:38:09]} {[%emt 00:02:33]} 35. Qe5 {[%clk 00:04:57]}
{[%emt 00:00:50]} f6 {[%clk 00:36:45]} {[%emt 00:01:55]} 36. Qe7 {[%clk
00:04:42]} {[%emt 00:00:42]} Qd7 {[%clk 00:36:33]} {[%emt 00:00:44]} 37. Re1
{[%clk 00:04:45]} {[%emt 00:00:21]} Qxe7 {[%clk 00:36:04]} {[%emt 00:01:05]}
38. Rxe7 {[%clk 00:05:08]} {[%emt 00:00:06]} Rc8 {[%clk 00:33:55]} {[%emt
00:02:41]} 39. Rxa7 {[%clk 00:05:28]} {[%emt 00:00:10]} Rxc4 {[%clk 00:34:19]}
{[%emt 00:00:05]} 40. Rb7 {[%clk 00:05:55]} {[%emt 00:00:03]} Ra4 {[%clk
00:34:32]} {[%emt 00:00:17]} 41. Rxb6 {[%clk 00:06:08]} {[%emt 00:00:17]} Rxa3
{[%clk 00:34:51]} {[%emt 00:00:12]} 42. Kh2 {[%clk 00:06:35]} {[%emt 00:00:02]}
Kh7 {[%clk 00:35:07]} {[%emt 00:00:13]} 43. g4 {[%clk 00:06:48]} {[%emt
00:00:18]} Ra2+ {[%clk 00:35:34]} {[%emt 00:00:04]} 44. Kg3 {[%clk 00:07:02]}
{[%emt 00:00:14]} Ra3+ {[%clk 00:35:46]} {[%emt 00:00:20]} 45. Kg2 {[%emt
00:00:45]} 1/2-1/2